[Event "Mogi Guacu op"]
[Site "Mogi Guacu"]
[Date "2022.09.24"]
[Round "2"]
[White "Da Silva, Douglas Rodrigues"]
[Black "Ohara, Matheus Kendi"]
[Result "0-1"]
[WhiteElo "1778"]
[BlackElo "1797"]
[PlyCount "92"]
[EventDate "2022.09.23"]
[EventType "swiss"]
[EventRounds "6"]
[EventCountry "BRA"]
[SourceTitle "EXT 2023"]
[Source "ChessBase"]
[SourceDate "2022.10.05"]
[SourceVersion "1"]
[SourceVersionDate "2022.10.05"]
[SourceQuality "1"]

1. e4 e5 2. Nf3 Nc6 3. Bb5 a6 4. Ba4 Nf6 5. d3 Bc5 6. Bg5 h6 7. Bxf6 Qxf6 8. Bxc6 bxc6 9. Nbd2 d5 10. Nb3 Ba7 11. h3 Rb8 12. Qd2 0-0 13. 0-0-0 d4 14. Qa5 Rb5 15. Qa3 Bb7 16. Rhf1 a5 17. Nfd2 Ra8 18. Nc4 a4 19. Qxa4 Bc5 20. Qxa8+ Bxa8 21. g3 Bd6 22. Kb1 Bb7 23. Nba5 Bc8 24. Nxc6 Bxh3 25. Rg1 Be6 26. a4 Bxc4 27. axb5 Bxb5 28. Na5 Bb4 29. Nb3 Ba4 30. Rgf1 Qg5 31. Nc1 Qg4 32. b3 Bd7 33. Na2 Ba5 34. Kb2 Qe2 35. Nc1 Bc3+ 36. Kb1 Qf3 37. Na2 Ba5 38. Kb2 Bh3 39. b4 Bb6 40. Rg1 Qxf2 41. b5 Ba5 42. Kb3 Be6+ 43. Ka4 Qxc2+ 44. Kxa5 Qxa2+ 45. Kb4 Qb3+ 46. Kc5 Qc3# 0-1

[Event "Mogi Guacu op"]
[Site "Mogi Guacu"]
[Date "2022.04.30"]
[Round "4"]
[White "De Souza, Micaias"]
[Black "Da Silva, Douglas Rodrigues"]
[Result "1-0"]
[WhiteElo "1834"]
[BlackElo "1800"]
[PlyCount "113"]
[EventDate "2022.04.29"]
[EventType "swiss"]
[EventRounds "6"]
[EventCountry "BRA"]
[SourceTitle "CBM 208 Extra"]
[Source "ChessBase"]
[SourceDate "2022.07.31"]
[SourceVersion "1"]
[SourceVersionDate "2022.07.31"]
[SourceQuality "1"]

1. e4 e5 2. Nc3 Bb4 3. Bc4 Nf6 4. d3 h6 5. h3 Bxc3+ 6. bxc3 d5 7. exd5 Nxd5 8. Qf3 Nf6 9. Ba3 Nc6 10. Ne2 Na5 11. 0-0 Nxc4 12. dxc4 Nd7 13. Rfd1 Qf6 14. Qe4 c5 15. Rxd7 Kxd7 16. Bxc5 Re8 17. Rd1+ Kc7 18. Bd6+ Qxd6 19. Rxd6 Kxd6 20. Qd5+ Ke7 21. Qxe5+ Kf8 22. Qd6+ Kg8 23. Nd4 a5 24. Nb5 Ra6 25. Qd4 Rc6 26. Na7 Rc7 27. Nb5 Rd7 28. Qb6 Re6 29. Qxa5 Ra6 30. Qb4 Rxa2 31. Qb3 Rd1+ 32. Kh2 Rda1 33. Nd6 Ra3 34. Qb5 Be6 35. Qxb7 Rxc3 36. Qb2 Rca3 37. c5 R1a2 38. Qb8+ Kh7 39. c4 Rxf2 40. Kg1 Rfa2 41. c6 Rg3 42. Qb1+ g6 43. Qxa2 Bxh3 44. Kh2 Bxg2 45. Kxg3 Bxc6 46. Nxf7 Kg7 47. Nd6 Kf6 48. Qe2 h5 49. c5 Kg5 50. Qe3+ Kf6 51. Qf4+ Kg7 52. Qf7+ Kh6 53. Qf6 Kh7 54. Kh4 Ba4 55. Kg5 Bc2 56. Qf7+ Kh8 57. Kh6 1-0